| 000 | 00790nam a2200241Ia 4500 | ||
|---|---|---|---|
| 005 | 20220204164222.0 | ||
| 008 | 210716s2008 xx 000 0 und d | ||
| 020 | _a9788120343436 | ||
| 040 | _cAIMIT LIBRARY | ||
| 041 | _aeng | ||
| 082 |
_a657.48 _24 _bNARR |
||
| 100 |
_aNarayanaswamy, R. _915862 |
||
| 245 |
_aFinancial accounting : _bmanagerial perspective / _cBy R. Narayanaswamy. |
||
| 250 |
_a4th ed. _bEastern Economic Edition. |
||
| 260 |
_aNew Delhi : _bPHI Learning Pvt Ltd , _c2008. |
||
| 300 |
_axxiv,680p ; _c28 cm. |
||
| 650 |
_aFinancial Accounting. _915863 |
||
| 650 |
_aAccounting and Economics Decisions. _915986 |
||
| 650 |
_aInventories. _915987 |
||
| 650 |
_aFixed Assets. _915988 |
||
| 650 |
_aShareholders Equity. _915989 |
||
| 942 |
_2ddc _cBK _e4th _k657.48 NARR |
||
| 999 |
_c206258 _d206258 |
||